000 00437nam a2200181Ia 4500
005 20250423100822.0
008 250422s9999 xx 000 0 und d
020 _a0-7167-1932-0
050 _aGN502.B63
100 _aPhilip K. Bock
245 0 _aRethinking psychological anthropology
260 _aNew York
260 _bW.H Freeman and Company
260 _c1980
300 _a254 p
650 _aEthnopsychology
942 _cBK
999 _c34436
_d34436